000 00591 a2200205 4500
003 Nust
005 20170207165830.0
010 _a 2010048334
020 _a0073380687 (alk. paper)
020 _a9780073380681 (alk. paper)
040 _cNust
082 0 0 _a621.3822
100 1 _aRoberts, Michael J.,
245 1 0 _aSignals and systems (E-BOOK)
_banalysis using transform methods and MATLAB /
_cMichael J. Roberts.
250 _a2nd ed.
260 _aNew York :
_bMcGraw-Hill,
_cc2012.
300 _axx, 796 p. :
_bill. ;
_c27 cm.
650 0 _aSignal processing.
650 0 _aSystem analysis.
942 _2ddc
_cBK
999 _c213275
_d213275